Abastecimiento de agua y remoción de aguas residuales

Uloženo v:
Podrobná bibliografie
Hlavní autoři: Fair, Gordon Maskew (Autor), Geyer, John Charles (Autor), Okun, Daniel Alexander (Autor)
Médium: Kniha
Jazyk:španělština
Vydáno: Cuernavaca Limusa S. A 2001
Témata:
Tagy: Přidat tag
Žádné tagy, Buďte první, kdo vytvoří štítek k tomuto záznamu!

MARC

LEADER 00000cam a2200000 a 4500
001 UCF9221
003 CL-VaPUC
008 131025e20010000mx |||||||||||||||||spa|d
020 |a 968180466X 
082 0 4 |a 628.162  |b FAI  |2 21 
100 0 |a Fair, Gordon Maskew  |e author  |9 571478 
700 0 |a Geyer, John Charles  |e author  |9 571479 
700 0 |a Okun, Daniel Alexander  |e author  |9 571480 
245 1 0 |a Abastecimiento de agua y remoción de aguas residuales 
300 |a v 
942 |c BK 
945 |d 20131025 12:28:00  |a dcastane 
260 |a Cuernavaca  |b Limusa S. A  |c 2001 
500 |a v.1: ingeniería sanitaria y de aguas residuales 
650 0 |a Abastecimiento de agua  |9 260374 
650 0 |a Aguas residuales   |9 262614 
650 7 |a INGENIERIA SANITARIA  |2 CL-VaPUC  |9 262866 
583 |a last modification  |c 20131025 12:28:00  |k Rodrigo Vera 
999 |c 353695  |d 353693 
952 |0 0  |1 0  |3 erb  |4 0  |6 628_162000000000000_FAI_2001  |7 0  |8 A  |9 459057  |a BIBMEC  |b BIBMEC  |d 2019-11-23  |i 5024749  |o 628.162 FAI 2001  |p 5024749  |r 2024-01-19  |w 2019-11-23  |y BK  |z Catalogado en:20131025  |k MEC